| 000 | 00499 a2200193 4500 | ||
|---|---|---|---|
| 005 | 20260204145449.0 | ||
| 008 | 260204b |||||||| |||| 00| 0 eng d | ||
| 020 |
_a9789394384385 _cRs. 1650.00 |
||
| 040 | _aMAIN | ||
| 082 |
_a355.8 _bN194L |
||
| 100 | _aNath, Mahendra | ||
| 245 | _aLand and areial weapon system | ||
| 260 |
_bSaddle Publishers _c2022 _aDelhi |
||
| 300 | _aviii, 268 | ||
| 650 | _aMilitary science | ||
| 650 | _aMilitary Weapons | ||
| 650 | _aAir Defence | ||
| 942 | _cBK | ||
| 999 |
_c395470 _d395470 |
||